000 00483nam a2200181Ia 4500
005 20250508152203.0
008 008 250505s9999 xx 000 0 eng d
037 _aTextual
040 _aFEDL
_beng
_cFEDL
041 _aeng
_2eng
084 _a808.3, PRO
_qFEDL
100 _aProust Marcel
245 0 _aCities of the plain. Part 1
260 _aLondon, UK
_bChatto and Windus
_c1952
300 _a351p.
942 _cTEXL
_h808.3, PRO
999 _c1334843
_d1334843